Költözködő lányok
Elmentve itt :
| Szerzők: | |
|---|---|
| Dokumentumtípus: | Cikk |
| Megjelent: |
1966-04-17
|
| Sorozat: | Délmagyarország
56 No. 90 |
| Kulcsszavak: | Egyetemi építkezések Móra Ferenc kollégium Szeged 1966, Kollégium |
| Online Access: | http://dmarchiv.bibl.u-szeged.hu/55651 |
| LEADER | 00530nab a2200169 i 4500 | ||
|---|---|---|---|
| 001 | delm55651 | ||
| 005 | 20180927141848.0 | ||
| 008 | 180927s1966 hu o 0|| hun d | ||
| 040 | |a SZTE Délmagyarország Archívum |b hun | ||
| 041 | |a hun | ||
| 100 | 1 | |a Jakab Ágnes | |
| 245 | 1 | 0 | |a Költözködő lányok |h [elektronikus dokumentum] / |c Jakab Ágnes |
| 260 | |c 1966-04-17 | ||
| 300 | |a 5 | ||
| 490 | 0 | |a Délmagyarország |v 56 No. 90 | |
| 695 | |a Egyetemi építkezések Móra Ferenc kollégium Szeged 1966, Kollégium | ||
| 700 | 0 | 1 | |a Liebmann Béla |e aut |